| 000 | 02125nam a22003497a 4500 | ||
|---|---|---|---|
| 001 | 42835 | ||
| 003 | gtgccic | ||
| 005 | 20251121105931.0 | ||
| 007 | ta | ||
| 008 | 251119b gt ||||| |||| 00| 0 spa d | ||
| 040 |
_agtgccic _bspa _cgtgccic _erda |
||
| 084 | _0TPI-17-0121 | ||
| 100 | 1 | 0 |
_aRicardo David Rosales López _dIngeniero Petrolero _eautor |
| 245 | 1 | 0 |
_aPropuesta de un sistema de aprovechamiento de gas natural, como alternativa para generación de electricidad, _by su incidencia en la disminución de gases de efecto invernadero / _cRosales López, Ricardo David |
| 264 | 1 |
_aGuatemala, Guatemala : _bUSAC, Facultad de Ingeniería ; _c2017.- |
|
| 300 |
_axxxii, 69 p. : _bil. ; _c27 cm |
||
| 336 |
_2rdacontenido _aTexto _btxt |
||
| 337 |
_2rdamedio _asin mediación _bn |
||
| 338 |
_2rdasoporte _avolumen _bnc |
||
| 502 |
_aTesis Postgrado _bMAESTRO EN ARTES EN ENERGÍA Y AMBIENTE _cUSAC, Facultad de Ingeniería, Escuela de Postgrado _d2017 _oTPI-17-0121 |
||
| 504 | _aBibliografía pag. 59 | ||
| 505 | _t1. MARCO TEÓRICO | ||
| 505 | _t2. DESARROLLO DE LA INVESTIGACIÓN | ||
| 505 | _t3. PRESENTACIÓN DE RESULTADOS | ||
| 505 | _t4. DISCUSIÓN DE RESULTADOS | ||
| 520 | 3 | _aLa quema de gas natural al ambiente es una práctica común en la industria petrolera, por considerarse el gas como asociado a la producción de petróleo, consiste en dirigir el gas en una tubería vertical y encenderlo para su quema. Anteriormente se desconocía que las cuencas hidrocarburíferas de Guatemala, tenían potencial para la producción de gas natural, las empresas petroleras establecidas únicamente se enfocaban en producir petróleo. El gas natural que actualmente se está quemando en el campo petrolero Ocultún, ubicado en el municipio de la Libertad departamento de Petén se debe aprovechar ya que con la quema de este, se emiten gases contaminantes como lo son el Dióxido de Carbono CO2, Metano CH4 y Óxido Nitroso N2O. | |
| 650 | _aGAS NATURAL | ||
| 650 | _aEMISIÓN DE GAS EFECTO INVERNADERO | ||
| 700 |
_aM.Sc. Luis Fernando Velásquez Pottier _easesor |
||
| 942 |
_2ddc _cTPS |
||
| 945 | _aamlo | ||
| 999 |
_c2535 _d2535 |
||